¿Qué es el socialismo? /

Salvato in:
Dettagli Bibliografici
Autore principale: Kleméntiev, D.
Altri autori: Vasílieva, T.
Natura: testo
Pubblicazione: Moscú: Progreso
Tags: Aggiungi Tag
Nessun Tag, puoi essere il primo ad aggiungerne!!

MARC

LEADER 00000 a a2200000 04500
001 24306
003
040
090 |a 166400  
100 |a Kleméntiev, D.  
245 |a ¿Qué es el socialismo? /  |c D. Kleméntiev 
260 |a Moscú:   |b Progreso  
300 |a 199 p.  
700 |a Vasílieva, T.  
999 |c 17388  |d 17388